000 00417nam a2200181Ia 4500
008 210210b1948 xxu||||| |||| 00| 0 eng d
041 _aeng
082 _a543/53
100 _aTHORNE (P C L)
245 _aInorganic chemistry
260 _aLondon
_bGurney & Jackson
_c1948
300 _a939
650 _aInorganic
650 _achemistry
690 _aChemistry
700 _aROBERTS (E R)
906 _a009401
999 _c126975
_d126975